| 000 | 01616cam a2200361 i 4500 | ||
|---|---|---|---|
| 999 |
_c64796 _d64796 |
||
| 001 | 17524542 | ||
| 003 | CO-MdFUSB | ||
| 005 | 20190201150802.0 | ||
| 008 | 121108s2013 miua g b 001 0 eng | ||
| 010 | _a 2012045276 | ||
| 020 | _a9780801038815 (pbk.) | ||
| 040 |
_aDLC _bspa _cCO-MdFUSB _erda _dDLC |
||
| 041 | _aeng | ||
| 042 | _apcc | ||
| 082 | 0 | 0 |
_224 _aG 231.765 _bW746g |
| 100 | 1 |
_aWilson, Jonathan R. _eautor |
|
| 245 | 1 | 0 |
_aGod's good world _b: reclaiming the doctrine of creation _c/ Jonathan R. Wilson. |
| 264 | 1 |
_aGrand Rapids : _bBaker Academic, _c℗[2013] |
|
| 264 | 4 | _c©2013 | |
| 300 |
_axviii, 283 páginas : _bilustraciones ; _c22 cm |
||
| 336 |
_2rdacontent _atexto _btxt |
||
| 337 |
_2rdamedia _asin mediación _bn |
||
| 338 |
_2rdacarrier _avolumen _bnc |
||
| 501 | _aIncluye índices (páginas 279- 283) | ||
| 504 | _aBibliografía (páginas 261- 276) | ||
| 505 | _aCreación perdida en la iglesia -- Creación perdida en la academia -- Creación perdida en la sociedad -- La dialéctica del reino -- Un creador: Padre, Hijo y Espíritu -- Reasignando la doctrina de la creación -- Reescribiendo las Escrituras -- Interpretar el mundo -- ¿Qué pasó con la mundanalidad? -- Consumir el deseo -- Historias, prácticas, oraciones -- Bienaventurados los mansos -- Ser y convertirse en personas -- Cuerpos -- Adoración | ||
| 650 | 7 |
_aCreación _9251 |
|
| 906 |
_a7 _bcbc _corignew _d1 _eecip _f20 _gy-gencatlg |
||
| 942 | _cBK | ||